Statistics for Countries that Eat the Most Fish

Click here to take the quiz!

General Stats

  • This quiz has been taken 83 times
  • The average score is 9 of 17

Answer Stats

ConsumptionCountry% Correct
17.5Japan
95%
14.6Norway
77%
15.8South Korea
73%
26.9Iceland
70%
16.1Malaysia
64%
13.6Portugal
58%
12.7Spain
56%
12.6Singapore
51%
15.2Fiji
45%
16.9Myanmar
40%
13.1Cambodia
35%
50.2Maldives
35%
16.6Palau
35%
12.9Tuvalu
35%
14.6Micronesia
32%
16.9Seychelles
32%
16.7Lithuania
17%

Score Distribution

Percentile by Number Answered

Percent of People with Each Score

Your Score History

You have not taken this quiz